000 00635nam a2200193 a 4500
001 000044078
005 20250207073535.0
008 130730s2013 dr a 000 0 spa d
020 _a9789945877960
040 _aDO-SdBNP
_bspa
_cBNPHU
110 2 _aINFOTEP (Agencia)
_978644
245 1 0 _aMetodología para elaboración de guías de autoformación /
_celaboración Johnny Cruz, Cristobalina Medina.
260 _aSanto Domingo :
_bINFOTEP,
_c2013.
300 _a52 p. :
_bil. ;
_c22 cm.
504 _aBibliografía p: 62
500 _aIncluye glosario
700 1 2 _aCruz, Johnny
_eela.
_972075
700 1 2 _aMedina, Cristobalina
_972076
999 _c43567
_d43567